| 000 | 00948nam a22003015a 4500 | ||
|---|---|---|---|
| 003 | EG-ScBUE | ||
| 005 | 20211125122850.0 | ||
| 008 | 170619s2014 ua f 000 f ara d | ||
| 017 | _a2013 / 4890 | ||
| 020 | _a9789770932933 | ||
| 040 |
_aEG-ScBUE _bara _erda _cEG-ScBUE _dEG-ScBUE |
||
| 082 | 0 | 4 |
_a892.737 _bز ي د _222 |
| 100 | 1 |
_aزيدان، يوسف، _d1958- _eمؤلف. |
|
| 245 | 1 | 0 |
_aجونتنامو / _cيوسف زيدان. |
| 246 | 3 | 4 |
_aجونتنامو : _bرواية |
| 250 | _aالطبعة الثالثة. | ||
| 264 | 1 |
_aالقاهرة : _bدار الشروق، _c2014. |
|
| 300 |
_a288 صفحة ؛ _c20 سم |
||
| 336 |
_2rdacontent _aنص _btxt |
||
| 337 |
_2rdamedia _aبدون وسيط _bn |
||
| 338 |
_2rdacarrier _aمجلد _bnc |
||
| 590 | _aسامح. | ||
| 650 | 7 |
_aالقصص العربية _yقرن 21. _2BUEsh _98441 |
|
| 651 | _2BUEsh | ||
| 653 |
_bGGEN _cJune2017 |
||
| 655 |
_vReading book _934232 |
||
| 942 | _2ddc | ||
| 999 |
_c24923 _d24895 |
||